000 00632nam a2200181 4500
001 138520
003 ES-MaACL
007 t|
008 070214s1973 sp r ||||1| spa d
100 1 _aSan Pedro, Diego de.
_9102290
245 1 0 _aObras completas /
_cDiego de San Pedro ; edición, introducción y notas de Keith Whinnom.
_n, . I.
260 _aMadrid :
_bCastalia,
_c1973.
300 _a198 p. :
_bil. ;
_c18 cm.
500 _aContiene: Tractado de amores de Arnalte y Lucenda ; y Sermón.
700 1 _aWhinnom, Keith.
_9116635
740 0 _aTractado de amores de Arnalte y Lucenda.
852 _aES-MaACL
_jE-8487
_bR.92716
999 _c138520
_d138520